000 00495nam a2200193 a 4500
001 1769943201012
003 YourLibrary
005 20260201164118.0
008 260201s2008##################000#0#eng##
020 _a9780691134406
082 0 4 _a302.4
_bJAC
100 1 _aJackson, Matthew O.,
_eauthor.
245 1 0 _aSocial and Economic Networks :
260 _c2008.
300 _a504 pages
650 0 _aBusiness & Economics.
942 _cENGLISH
040 _aYourLibrary
_beng
_cYourLibrary
999 _c609905
_d609905